T.B.M.M kadın statüsünü araştırma komisyonu raporu (Record no. 4533)

MARC details
000 -BAŞLIK
Sabit Uzunlukta Kontrol Alanı 00823na a2200241 4500
001 - KONTROL NUMARASI
Denetim Alanı 13327
003 - KONTROL NUMARASI IDENTIFIER
Denetim Alanı MIRAKIL
005 - SON İŞLEM TARİHİ VE ZAMANI
Denetim Alanı 20181213155009.0
008 - SABİT-BOY VERİ ELEMANLARI - GENEL BİLGİLER
Sabit Uzunlukta Kontrol Alanı 161010b tu 000 0
020 ## - ULUSLARARASI STANDART KİTAP NUMARASI
Uluslararası Standart Kitap Numarası 9751921554
035 ## - SİSTEM KONTROL NUMARASI
Sistem Kontrol Numarası 13327
040 ## - KATALOGLAMA KAYNAK
Orijinal Kataloglama Ajansı Milas
Kataloglama Dili tur
Metne Dönüştürmek Ajansı TR-AnCHP
041 ## - DİL KODU
Metin / Ses Parça Veya Ayrı Başlığın Dil Kodu tur
082 ## - DEWEY ONLU SINIFLANDIRMA NUMARASI
Sınıflandırma Numarası 305.4
Ürün Numarası K22t 1998
090 ## - SINIFLAMA NUMARASI
Sınıflama Numarası 305.4 K22t 1998
110 ## - ANA GİRİŞ - KURUMSAL ADI
Giriş Elemanı Olarak Kurumsal Ad Veya Yargı Alanı Adı T.C. Başbakanlık Kadının Statüsü ve Sorunları Genel Müdürlüğü
245 ## - BAŞLIK TABLOSU
Başlık T.B.M.M kadın statüsünü araştırma komisyonu raporu
Sorumluluk Tablosu, Vb Kadının Statüsü ve Sorunları Genel Müdürlüğü
260 ## - YAYIN, DAĞITIM, VB
Yayın, Dağıtım, Vb Yeri Ankara
Yayıncı, Dağıtıcı, Vs Adı Kadının Statüsü ve Sorunları Genel Müdürlüğü
Yayın, Dağıtım, Vb Tarihi 1998
300 ## - FİZİKSEL TANIM
Kapsam 239 s.
Boyutlar 20 sm.
650 ## - KONU KATMA GİRİŞ - TOPİKAL DÖNEM
Topikal Süreli Veya Coğrafi Ad Giriş Elemanı TBMM
Genel Alt Bölümü Araştırma komisyonu
Kronolojik Alt Bölümü Kadınlar
650 ## - KONU KATMA GİRİŞ - TOPİKAL DÖNEM
Topikal Süreli Veya Coğrafi Ad Giriş Elemanı Kadının statüsü
Genel Alt Bölümü TBMM
Kronolojik Alt Bölümü Komisyon raporları
942 ## - EKLENDİ GİRİŞ ELEMANLARI (KOHA)
Sınıflandırma Veya Raf Düzeni Kaynak Dewey Decimal Classification
Koha Öğesi Türü Books
999 ## - SİSTEM KONTROL NUMARALARI (KOHA)
Koha Biblionumber 4533
Koha Biblioitemnumber 4533
Holdings
Kalıcı Konum Mevcut Konum Edinme Tarihi Edinim Kaynak Toplam Check-Out'Lar Tam Çağrı Numarası Barkod Tarih Son Görülme İtibaren Geçerli Fiyatlar Koha Öğesi Türü
CHP Kütüphanesi CHP Kütüphanesi 08/12/2016 Bağış   305.4 K22t 1998 001123 08/12/2016 08/12/2016 Books